Statistics for Iraq A-Z

Click here to take the quiz!

General Stats

  • This quiz has been taken 333 times
    (299 since last reset)
  • The average score is 19 of 26

Answer Stats

HintAnswer% Correct
AMost spoken languageArabic
100%
OThe most important export of IraqOil
94%
QMost read book in IraqQuran
93%
BAncient capital near BaghdadBabylon
92%
HFamous dictator that ruled the country from 1979-2003Hussein
92%
KSecond largest ethnic groupKurds
92%
RIslamic month of fastingRamadan
92%
JIraq formed a short-lived federation with this country in 1958Jordan
91%
EOne of the Mesopotamian riversEuphrates
89%
PBody of water Iraq bordersPersian Gulf
88%
SThis denominations of Islam has the most followersShia
86%
WThe Hanging Gardens of B is considered to be one of Ancient World's of theseWonder
84%
DCurrency of IraqDinar
78%
UIraq became a mandatory of this country after the collapse of the Ottoman EmpireUnited Kingdom
77%
FHistorical vegetation region that includes modern-day Iraq{Fertile} Crescent
75%
IThis "caliphate" has operated in Iraq since 2013ISIS
75%
MThis group conquered Baghdad in 1258 and ended the Islamic Golden Age by doing soMongols
75%
VModest garment for womenVeil
73%
XPersian king that destroyed the statue of MardukXerxes
69%
LIraq is sometimes included in this historical and geographical regionLevant
68%
GInternational area of Baghdad{Green} Zone
63%
CPersian king that conquered the above in 539 BC and freed the JewsCyrus
55%
ZMesopotamian pyramid with stepsZiggurat
45%
NAncient city on the outskirts of Mosul that was once the capital of the Assyrian EmpireNineveh
28%
YAncient ethno-religious groupYazidis
26%
TCounterpart of MTigris
18%

Score Distribution

Percentile by Number Answered

Percent of People with Each Score

Your Score History

You have not taken this quiz since the last reset